Missing Word: Dating Abbreviations Quiz Stats

Quiz Updated Dec 28, 2017

Challenge
Share
Tweet
Embed
Score 0/22 Timer 02:00
1 Play Today
Hint Answer % Correct
No Strings ___Attached
99.1%
___ Distance RelationshipLong
97.3%
___ Be YourselfJust
96.5%
Significant ___Other
95.5%
___ SmokerNon
94.7%
Frequently Asked ___Questions
94.6%
___ Sense of HumorGood
93.9%
Thank You ___ MuchVery
92.7%
___, Dark and HandsomeTall
92.4%
___ to EarthDown
90.9%
Never Been ___Married
90.3%
Hint Answer % Correct
For ___ InformationYour
90.1%
Married, No ___Children
88.8%
___ Like To MeetWould
85.5%
Financially ___Secure
84.4%
Before Anyone ___Else
74.2%
Similar ___Interests
72.9%
___, Travel, AdventureFun
72%
No ___Kids
67.8%
Bald ___ ManHeaded
55.7%
Willing To ___Relocate
43.4%
___ FemaleProfessional
8.5%

Today's Daily Dose

Word Ladder
KISS Hit

On This Day
January 22nd

You're not logged in!

Compare scores with friends on all Sporcle quizzes.
Sign Up with Email
OR
Log In

You Might Also Like...

Show Comments

Extras

Top Quizzes Today


Score Distribution

Your Account Isn't Verified!

In order to create a playlist on Sporcle, you need to verify the email address you used during registration. Go to your Sporcle Settings to finish the process.